| 000 | 00600nam a2200217Ia 4500 | ||
|---|---|---|---|
| 003 | OSt | ||
| 005 | 20230529115021.0 | ||
| 008 | 210423s2015 xx 000 0 und d | ||
| 020 | _a978-93-81695-74-6 | ||
| 040 | _cAL | ||
| 041 | _aeng | ||
| 082 | _a658.87 SINR | ||
| 100 |
_aSINGH (Kuldeep) _9115810 |
||
| 245 | _aRetail management in new dimension | ||
| 260 |
_aNew Delhi _bGlobal academic publishers and distributors _c2015 |
||
| 300 |
_axix,507 _bPB |
||
| 365 |
_b450 _cINR |
||
| 650 |
_aMarketing Management _9115811 |
||
| 906 | _adimension ; management ; new ; Retail | ||
| 942 |
_2ddc _cBK |
||
| 999 |
_c168314 _d168314 |
||